Soil Engineering in Theory and Practice [vol 3] (Record no. 968)

000 -LEADER
fixed length control field 00373 a2200133 4500
020 ## - INTERNATIONAL STANDARD BOOK NUMBER
International Standard Book Number 8123912277
082 ## - DEWEY DECIMAL CLASSIFICATION NUMBER
Classification number 624.151 SIN
082 ## - DEWEY DECIMAL CLASSIFICATION NUMBER
Author Mark SIN
100 ## - MAIN ENTRY--PERSONAL NAME
Personal name Singh, Alam
245 ## - TITLE STATEMENT
Title Soil Engineering in Theory and Practice [vol 3]
Statement of responsibility, etc. Alam Singh
250 ## - EDITION STATEMENT
Edition statement 2nd ed
260 ## - PUBLICATION, DISTRIBUTION, ETC.
Place of publication, distribution, etc. New Delhi :
Name of publisher, distributor, etc. CBS Publishers and Distributors,
Date of publication, distribution, etc. 2006
300 ## - PHYSICAL DESCRIPTION
Extent xii, 314p. :
Other physical details ill. ;
Dimensions 25 cm
650 ## - SUBJECT ADDED ENTRY--TOPICAL TERM
Topical term or geographic name entry element Soil Engineering
Holdings
Withdrawn status Lost status Damaged status Not for loan Permanent Location Current Location Shelving location Date acquired Total Checkouts Total Renewals Full call number Barcode Date last seen Date last checked out Price effective from Koha item type
        School of Civil and Environmental Engineering (SCEE) School of Civil and Environmental Engineering (SCEE)     1 1 624.151 SIN NIT-6498 07/27/2021 10/14/2019 01/05/2017 Book
© 2023 Central Library, National University of Sciences and Technology. All Rights Reserved.